| 000 | 00425nam a22001337a 4500 | ||
|---|---|---|---|
| 020 | _a9781444137224 | ||
| 082 |
_a616.0754 _bWHI |
||
| 100 |
_aWhitley, A. Stewart _9114142 |
||
| 245 |
_aClark's Procedures in Diagnostic Imaging : _ba systems-based approach / _cWhitley, A. Stewart |
||
| 260 |
_aBoca Raton : _bCRC Press Taylor & Francis Group, _c2020. |
||
| 300 |
_a748 p. ; _bill, _c28 cm. |
||
| 563 | _aPBK. | ||
| 942 |
_2ddc _cBK |
||
| 999 |
_c595535 _d595535 |
||